000 00511nam a2200169Ia 4500
003 IN-BaIIA
008 211028s9999 xx 000 0 eng d
040 _cIIA Library
080 _a530.1
_bNAS
110 _aUnited States. National Academy of Sciences
245 0 _aPhysics
_bsurvey and outlook
_cNational Academy of Sciences
260 _aWashington
_bNational Academy of Sciences
_c1966
300 _a165p.
650 _aNASA Thesaurus
650 _aPhysics
_973
942 _cBK
999 _c3416
_d3416